[Event "WchT Seniors 50"]
[Site "Prague"]
[Date "2025.02.19"]
[Round "3.3"]
[White "Holemar, David"]
[Black "Roobol, Martin"]
[Result "1/2-1/2"]
[WhiteElo "2150"]
[BlackElo "2242"]
[PlyCount "23"]
[EventDate "2025.02.17"]
[EventType "team-swiss"]
[EventRounds "9"]
[EventCountry "CZE"]
[SourceTitle "CB09_2025"]
[SourceDate "2025.02.27"]
[SourceVersion "1"]
[SourceVersionDate "2025.02.27"]
[SourceQuality "1"]
[WhiteTeam "Moravska Slavia 50"]
[BlackTeam "Leiden SG 50"]
[WhiteTeamCountry "CZE"]
[BlackTeamCountry "NED"]

1. d4 Nf6 2. Nf3 g6 3. Bg5 Bg7 4. Nbd2 d5 5. c3 0-0 6. e3 b6 7. Bd3 Bb7 8. 0-0 c5 9. Qe2 Ne4 10. Bh4 Nd7 11. Ba6 Bxa6 12. Qxa6 1/2-1/2

[Event "NED-chT 2425"]
[Site "Netherlands"]
[Date "2024.09.21"]
[Round "1.10"]
[White "Rijnaarts, Sjef"]
[Black "Roobol, Martin"]
[Result "1-0"]
[WhiteElo "2263"]
[BlackElo "2254"]
[PlyCount "93"]
[EventDate "2024.09.21"]
[EventType "team-tourn"]
[EventRounds "9"]
[EventCountry "NED"]
[SourceTitle "EXT 2025"]
[Source "ChessBase"]
[SourceDate "2024.10.14"]
[SourceVersion "1"]
[SourceVersionDate "2024.10.14"]
[SourceQuality "1"]
[WhiteTeam "Apeldoorn"]
[BlackTeam "Leiden IntelliMagic"]
[WhiteTeamCountry "NED"]
[BlackTeamCountry "NED"]

1. e4 e5 2. Nf3 Nc6 3. Bb5 a6 4. Ba4 Nf6 5. 0-0 Be7 6. Re1 b5 7. Bb3 d6 8. c3 0-0 9. h3 Nb8 10. d4 Nbd7 11. Nbd2 Bb7 12. Bc2 Re8 13. Nf1 Bf8 14. Ng3 g6 15. a4 c5 16. d5 c4 17. Bg5 h6 18. Be3 Nc5 19. Qd2 Kh7 20. Ra3 Qc7 21. Nh2 bxa4 22. Qe2 a5 23. Qxc4 Ba6 24. Qa2 Nfd7 25. Bxa4 Nxa4 26. Rxa4 Bb5 27. Ra3 a4 28. Nf3 Nc5 29. Nd2 Rab8 30. c4 Bd7 31. Rc1 Rb4 32. b3 axb3 33. Nxb3 Nxb3 34. Rxb3 Rxc4 35. Rcb1 Rc2 36. Qa1 Bc8 37. Ra3 Kg8 38. Ra7 Qc4 39. Rb6 h5 40. Qd1 Rc3 41. Nxh5 Be7 42. Qf3 gxh5 43. Rc6 Qd3 44. Rxc3 Qxc3 45. Rxe7 Rxe7 46. Qf6 Kf8 47. Qh8# 1-0

[Event "Barcelona Sants op-A 23rd"]
[Site "Barcelona"]
[Date "2022.08.23"]
[Round "5"]
[White "Baenziger, Fabian"]
[Black "Roobol, Martin"]
[Result "1/2-1/2"]
[WhiteElo "2457"]
[BlackElo "2262"]
[PlyCount "141"]
[EventDate "2022.08.19"]
[EventType "swiss"]
[EventRounds "10"]
[EventCountry "ESP"]
[SourceTitle "CBM 209 Extra"]
[Source "ChessBase"]
[SourceDate "2022.09.30"]
[SourceVersion "1"]
[SourceVersionDate "2022.09.30"]
[SourceQuality "1"]

1. d4 Nf6 2. c4 g6 3. g3 Bg7 4. Bg2 0-0 5. Nc3 d6 6. Nf3 c5 7. 0-0 Nc6 8. dxc5 dxc5 9. Bf4 Nh5 10. Be3 Nd4 11. Qd2 Bg4 12. Rfd1 e5 13. Bh6 Re8 14. Bxg7 Kxg7 15. h3 Bxf3 16. Bxf3 Nxf3+ 17. exf3 Qxd2 18. Rxd2 Rad8 19. Rad1 Rxd2 20. Rxd2 Nf6 21. Nb5 a6 22. Nd6 Re7 23. Kf1 Kf8 24. Ke2 Rd7 25. Nc8 Ke8 26. Rd6 Kd8 27. Rxf6 Kxc8 28. Ke3 h5 29. h4 Kb8 30. b3 a5 31. g4 Rd4 32. gxh5 gxh5 33. f4 exf4+ 34. Rxf4 Rd1 35. Rxf7 Ra1 36. Rf5 Rxa2 37. Rxc5 Ra3 38. Kf4 Rxb3 39. Rxa5 Rc3 40. Rc5 b6 41. Rxh5 Rxc4+ 42. Kg3 Kc7 43. Rd5 Re4 44. h5 Re8 45. h6 Rh8 46. Rh5 Kd7 47. Kg4 Ke7 48. Kg5 Kf7 49. Rh3 Rg8+ 50. Kh5 Rg2 51. f4 b5 52. Rc3 b4 53. Rc7+ Kg8 54. Rb7 Rh2+ 55. Kg6 Rg2+ 56. Kf6 Rh2 57. h7+ Kh8 58. Rxb4 Kxh7 59. f5 Ra2 60. Rb7+ Kg8 61. Rb8+ Kh7 62. Re8 Ra6+ 63. Kf7 Ra5 64. f6 Ra7+ 65. Re7 Ra8 66. Rd7 Rb8 67. Re7 Ra8 68. Re8 Ra7+ 69. Ke6 Ra6+ 70. Kf7 Ra7+ 71. Re7 1/2-1/2

[Event "Hoogeveen op 24th"]
[Site "Hoogeveen"]
[Date "2021.10.23"]
[Round "9"]
[White "Roobol, Martin"]
[Black "Binnendijk, Ferdinand"]
[Result "1/2-1/2"]
[WhiteElo "2296"]
[BlackElo "2142"]
[PlyCount "77"]
[EventDate "2021.10.15"]
[EventType "swiss"]
[EventRounds "9"]
[EventCountry "NED"]
[SourceTitle "CBM 204 Extra"]
[Source "ChessBase"]
[SourceDate "2021.11.30"]
[SourceVersion "1"]
[SourceVersionDate "2021.11.30"]
[SourceQuality "1"]

1. e4 d6 2. d4 Nf6 3. Nc3 e5 4. Nge2 Be7 5. h3 h5 6. g3 c6 7. a4 a5 8. Bg2 Nbd7 9. Be3 Qc7 10. 0-0 0-0 11. f4 exd4 12. Bxd4 Re8 13. Qd2 Nc5 14. Rae1 d5 15. exd5 cxd5 16. f5 Nce4 17. Nxd5 Nxd5 18. Bxe4 Nf6 19. Bg2 Bd7 20. b3 Bc5 21. Kh2 Bxd4 22. Nxd4 h4 23. Qf4 hxg3+ 24. Qxg3 Qc5 25. c3 Bc6 26. Bxc6 bxc6 27. Rxe8+ Rxe8 28. Re1 Rxe1 29. Qxe1 Qd6+ 30. Qg3 Qd5 31. Qf3 Ne4 32. Kg2 c5 33. Ne2 Qe5 34. c4 Ng5 35. Qd3 Ne4 36. Qd8+ Kh7 37. Qh4+ Kg8 38. Qd8+ Kh7 39. Qh4+ 1/2-1/2

[Event "Leiden SB-ch 1819"]
[Site "Leiden"]
[Date "2019.05.24"]
[Round "8"]
[White "Roobol, Martin"]
[Black "Pijpers, Arthur"]
[Result "0-1"]
[WhiteElo "2263"]
[BlackElo "2483"]
[PlyCount "78"]
[EventDate "2018.10.19"]
[EventType "swiss"]
[EventRounds "9"]
[EventCountry "NED"]
[SourceTitle "EXT 2023"]
[Source "ChessBase"]
[SourceDate "2022.10.05"]
[SourceVersion "1"]
[SourceVersionDate "2022.10.05"]
[SourceQuality "1"]

1. c4 c6 2. Nf3 d5 3. e3 Nf6 4. Nc3 e6 5. b3 Bd6 6. Bb2 0-0 7. Qc2 e5 8. cxd5 cxd5 9. Nb5 Nc6 10. Nxd6 Qxd6 11. Rc1 Bg4 12. h3 Bh5 13. Qc5 Qe6 14. Qb5 Rac8 15. Be2 e4 16. Ng5 Bxe2 17. Qxe2 Qf5 18. h4 Ne5 19. 0-0 Rxc1 20. Rxc1 Nd3 21. Rc2 Ng4 22. f3 Ngf2 23. Ba3 h6 24. Bxf8 hxg5 25. Be7 f6 26. hxg5 Qh7 27. Qxf2 Nxf2 28. Kxf2 exf3 29. Rc8+ Kf7 30. Rc7 fxg2 31. Bxf6+ Ke6 32. Re7+ Kf5 33. Kxg2 Kg4 34. Rxg7 Qh3+ 35. Kf2 a5 36. Ke2 Qf3+ 37. Kd3 b5 38. Re7 Qd1 39. g6 Qf1+ 0-1

[Event "Leiden SB-ch 1819"]
[Site "Leiden"]
[Date "2019.01.11"]
[Round "4"]
[White "Oosterom, Erik"]
[Black "Roobol, Martin"]
[Result "0-1"]
[WhiteElo "2062"]
[BlackElo "2263"]
[PlyCount "88"]
[EventDate "2018.10.19"]
[EventType "swiss"]
[EventRounds "9"]
[EventCountry "NED"]
[SourceTitle "EXT 2023"]
[Source "ChessBase"]
[SourceDate "2022.10.05"]
[SourceVersion "1"]
[SourceVersionDate "2022.10.05"]
[SourceQuality "1"]

1. Nf3 Nf6 2. c4 g6 3. d4 Bg7 4. Nc3 0-0 5. e4 d6 6. Be2 e5 7. d5 Na6 8. Bg5 h6 9. Bh4 Qe8 10. Nd2 Nh7 11. 0-0 g5 12. Bg3 f5 13. exf5 Bxf5 14. Nde4 Nf6 15. Bd3 Nh5 16. c5 Qg6 17. c6 Nb4 18. cxb7 Rab8 19. Bb1 Rxb7 20. Qe2 Nf4 21. Bxf4 exf4 22. a3 Na6 23. Qxa6 Rxb2 24. Qd3 g4 25. Nd1 Rxb1 26. Qxb1 Bxe4 27. Qc1 Bxa1 28. Qxa1 Bxd5 29. Nc3 Bc4 30. Rd1 g3 31. Qb2 gxh2+ 32. Kxh2 f3 33. g4 Qg5 34. Kh3 h5 35. Rg1 hxg4+ 36. Rxg4 Be6 37. Qb4 Kf7 38. Kg3 Qxg4+ 39. Qxg4 Bxg4 40. Kxg4 Ke6 41. Nb5 c5 42. a4 Rf7 43. a5 d5 44. Nc3 Ke5 0-1

[Event "EU-Cup 34th"]
[Site "Porto Carras"]
[Date "2018.10.12"]
[Round "1.5"]
[White "Tzagarakis, Panagiotis"]
[Black "Roobol, Martin"]
[Result "0-1"]
[WhiteElo "1724"]
[BlackElo "2243"]
[PlyCount "114"]
[EventDate "2018.10.12"]
[EventType "team-swiss"]
[EventRounds "7"]
[EventCountry "GRE"]
[SourceTitle "CBM 187"]
[Source "ChessBase"]
[SourceDate "2018.12.11"]
[SourceVersion "1"]
[SourceVersionDate "2018.12.11"]
[SourceQuality "1"]
[WhiteTeam "Chania Kaissa"]
[BlackTeam "Leiden LSG"]
[WhiteTeamCountry "GRE"]
[BlackTeamCountry "NED"]

1. e4 e5 2. Nf3 Nc6 3. Bc4 Nf6 4. d3 Be7 5. h3 0-0 6. c3 d5 7. exd5 Nxd5 8. 0-0 Nb6 9. Bb3 Bf5 10. Bc2 Bf6 11. Qe2 Nd5 12. a4 a5 13. Na3 Re8 14. Re1 h6 15. Bd2 Qd7 16. Rad1 Rad8 17. Qf1 g5 18. g4 Bg6 19. Qg2 Re7 20. h4 Nf4 21. Bxf4 exf4 22. hxg5 hxg5 23. d4 Bxc2 24. Nxc2 Rde8 25. Ne5 Bxe5 26. dxe5 Qc8 27. Nd4 Nxe5 28. Nf5 Nf3+ 29. Qxf3 Rxe1+ 30. Kg2 Rxd1 31. Qxd1 Qe6 32. Kh3 Qe4 33. f3 Qe1 34. Qxe1 Rxe1 35. Nd4 Rb1 36. b3 Rc1 37. c4 Rc3 38. Kg2 c6 39. Kf2 Rd3 40. Nf5 Rxb3 41. Nd6 Rb2+ 42. Ke1 Kg7 43. c5 Rb4 44. Ke2 Rxa4 45. Nxb7 Kf6 46. Nd8 Rc4 47. Nb7 a4 48. Kd3 Rb4 49. Na5 Rb5 50. Nxc6 Rxc5 51. Nb4 a3 52. Na2 Ke5 53. Nb4 f5 54. gxf5 Kxf5 55. Na2 Rb5 56. Nc1 Rb1 57. Na2 Rb3+ 0-1

[Event "EU-Cup 33rd"]
[Site "Antalya"]
[Date "2017.10.14"]
[Round "7.6"]
[White "Sahin, Ozgun"]
[Black "Roobol, Martin"]
[Result "1-0"]
[WhiteElo "2210"]
[BlackElo "2289"]
[PlyCount "75"]
[EventDate "2017.10.08"]
[EventType "team-swiss"]
[EventRounds "7"]
[EventCountry "TUR"]
[SourceTitle "CBM 181"]
[Source "ChessBase"]
[SourceDate "2017.11.10"]
[SourceVersion "1"]
[SourceVersionDate "2017.11.10"]
[SourceQuality "1"]
[WhiteTeam "Besiktas Jimnastik"]
[BlackTeam "Leiden LSG"]
[WhiteTeamCountry "TUR"]
[BlackTeamCountry "NED"]

1. e4 g6 2. d4 Bg7 3. Nc3 d6 4. Bg5 c6 5. Qd2 Nd7 6. f4 b5 7. e5 f6 8. Bh4 dxe5 9. fxe5 Nb6 10. Nf3 Bg4 11. Qf4 Qd7 12. d5 g5 13. exf6 exf6 14. Qe4+ Qe7 15. Bg3 Qxe4+ 16. Nxe4 Nxd5 17. Nd6+ Kf8 18. 0-0-0 Nge7 19. c4 bxc4 20. Bxc4 Ne3 21. Rd4 Bxf3 22. gxf3 f5 23. Rd3 Nxc4 24. Nxc4 f4 25. Bf2 Kf7 26. Re1 Bf6 27. Nd6+ Kg6 28. Re6 Rhf8 29. Ne4 Nd5 30. Bc5 Rf7 31. Rxc6 Rd8 32. Rd6 Rxd6 33. Nxd6 Rc7 34. Rxd5 g4 35. fxg4 f3 36. Kd2 Re7 37. Be3 Bh4 38. Nf5 1-0

[Event "EU-Cup 33rd"]
[Site "Antalya"]
[Date "2017.10.11"]
[Round "4.6"]
[White "Mirzoev, Azer"]
[Black "Roobol, Martin"]
[Result "1-0"]
[WhiteElo "2555"]
[BlackElo "2289"]
[PlyCount "89"]
[EventDate "2017.10.08"]
[EventType "team-swiss"]
[EventRounds "7"]
[EventCountry "TUR"]
[SourceTitle "CBM 181"]
[Source "ChessBase"]
[SourceDate "2017.11.10"]
[SourceVersion "1"]
[SourceVersionDate "2017.11.10"]
[SourceQuality "1"]
[WhiteTeam "Odlar Yurdu"]
[BlackTeam "Leiden LSG"]
[WhiteTeamCountry "AZE"]
[BlackTeamCountry "NED"]

1. d4 f5 2. g3 Nf6 3. Bg2 g6 4. Nh3 d6 5. c3 c6 6. Nd2 Bg7 7. Qb3 Qb6 8. Ng5 Qxb3 9. axb3 Kd7 10. e4 fxe4 11. Ngxe4 Nxe4 12. Nxe4 Kc7 13. 0-0 Nd7 14. Re1 Re8 15. h4 h6 16. Bf4 Kd8 17. Re2 Nf8 18. b4 Bg4 19. Ree1 Bd7 20. Nd2 Ne6 21. Be3 Nc7 22. Nb3 Nd5 23. Bd2 Nb6 24. Na5 Kc7 25. b5 cxb5 26. Bxb7 Rab8 27. Be4 Bf5 28. Nc6 Bxe4 29. Nxb8 Bf5 30. Na6+ Kb7 31. b3 Bc2 32. Ra3 Nd5 33. Rc1 Bf5 34. c4 bxc4 35. bxc4 Nb6 36. c5 Nd5 37. Rb3+ Kc6 38. Nb8+ Rxb8 39. Rxb8 Bxd4 40. cxd6+ Kxd6 41. Rd8+ Ke5 42. Re1+ Be4 43. Bxh6 Bb6 44. Bg7+ Kf5 45. Rxd5+ 1-0

[Event "EU-Cup 33rd"]
[Site "Antalya"]
[Date "2017.10.10"]
[Round "3.6"]
[White "Kocyigit, Buse Naz"]
[Black "Roobol, Martin"]
[Result "1/2-1/2"]
[WhiteElo "1827"]
[BlackElo "2289"]
[PlyCount "78"]
[EventDate "2017.10.08"]
[EventType "team-swiss"]
[EventRounds "7"]
[EventCountry "TUR"]
[SourceTitle "CBM 181"]
[Source "ChessBase"]
[SourceDate "2017.11.10"]
[SourceVersion "1"]
[SourceVersionDate "2017.11.10"]
[SourceQuality "1"]
[WhiteTeam "Karaman Belediye"]
[BlackTeam "Leiden LSG"]
[WhiteTeamCountry "TUR"]
[BlackTeamCountry "NED"]

1. d4 g6 2. Nf3 Bg7 3. Bf4 d6 4. e3 Nf6 5. h3 0-0 6. Be2 c5 7. c3 b6 8. Nbd2 Bb7 9. 0-0 Nbd7 10. a4 a6 11. Bh2 Qc7 12. Bd3 e5 13. dxe5 Nxe5 14. Nxe5 dxe5 15. Qe2 Rfe8 16. Rfd1 Re7 17. b3 Qc6 18. e4 Nh5 19. Bc4 Nf4 20. Qf1 Qc8 21. f3 Rd7 22. Rac1 Bh6 23. Nb1 Bc6 24. Rxd7 Bxd7 25. Bxf4 Bxf4 26. Rd1 Be6 27. Bd5 Ra7 28. Qe2 Rd7 29. c4 Qd8 30. Nc3 Qg5 31. Bxe6 Rxd1+ 32. Qxd1 fxe6 33. Qd7 Be3+ 34. Kf1 Bd4 35. Qxe6+ Kg7 36. Nd1 Qd2 37. Qe7+ Kh6 38. Qh4+ Kg7 39. Qe7+ Kh6 1/2-1/2

[Event "NED-chT 1516"]
[Site "Netherlands"]
[Date "2016.02.13"]
[Round "6.7"]
[White "Roobol, Martin"]
[Black "Zaragatski, Ilja"]
[Result "0-1"]
[WhiteElo "2297"]
[BlackElo "2491"]
[PlyCount "70"]
[EventDate "2015.09.26"]
[EventType "team-tourn"]
[EventRounds "9"]
[EventCountry "NED"]
[SourceTitle "CBM 170 Extra"]
[Source "ChessBase"]
[SourceDate "2016.02.25"]
[SourceVersion "1"]
[SourceVersionDate "2016.02.25"]
[SourceQuality "1"]
[WhiteTeam "Leiden LSG"]
[BlackTeam "SISSA"]
[WhiteTeamCountry "NED"]
[BlackTeamCountry "NED"]

1. d4 Nf6 2. c4 c5 3. d5 b5 4. cxb5 a6 5. bxa6 g6 6. Nc3 Bg7 7. e4 0-0 8. Nf3 Qa5 9. Nd2 Bxa6 10. Be2 d6 11. 0-0 Nfd7 12. a4 Bxc3 13. bxc3 Qxc3 14. Ra3 Qd4 15. a5 Ne5 16. Kh1 c4 17. f4 Nd3 18. Nxc4 Nf2+ 19. Rxf2 Qxf2 20. Be3 Qh4 21. g3 Qh6 22. e5 Nd7 23. exd6 exd6 24. Nxd6 Bxe2 25. Qxe2 Rfb8 26. Bd4 Qf8 27. Nc4 Qb4 28. Bc3 Qb1+ 29. Kg2 Re8 30. Qf3 Qc2+ 31. Kh3 Re2 32. Ne3 Rxh2+ 33. Kg4 f5+ 34. Kg5 Qe4 35. Qxe4 Rh5# 0-1

[Event "NED-chT 1516"]
[Site "Netherlands"]
[Date "2015.09.26"]
[Round "1.5"]
[White "Roobol, Martin"]
[Black "Broekmeulen, Jasper"]
[Result "0-1"]
[WhiteElo "2297"]
[BlackElo "2386"]
[PlyCount "152"]
[EventDate "2015.09.26"]
[EventType "team-tourn"]
[EventRounds "9"]
[EventCountry "NED"]
[SourceTitle "EXT 2016"]
[Source "ChessBase"]
[SourceDate "2015.10.08"]
[SourceVersion "1"]
[SourceVersionDate "2015.10.08"]
[SourceQuality "1"]
[WhiteTeam "Leiden LSG"]
[BlackTeam "Calder HMC"]
[WhiteTeamCountry "NED"]
[BlackTeamCountry "NED"]

1. d4 Nf6 2. c4 b6 3. Nc3 Bb7 4. f3 d5 5. cxd5 Nxd5 6. e4 Nxc3 7. bxc3 e5 8. Be3 exd4 9. cxd4 Bb4+ 10. Kf2 0-0 11. Rc1 Nd7 12. Qa4 c5 13. Rd1 Nf6 14. dxc5 Nxe4+ 15. fxe4 Qh4+ 16. Ke2 Rfe8 17. Qxb4 Rxe4 18. Rd4 Rxd4 19. Qxd4 Ba6+ 20. Kd2 Rd8 21. Nf3 Rxd4+ 22. Bxd4 Qf4+ 23. Kc2 Bb7 24. Be2 Bxf3 25. Bxf3 Qxd4 26. c6 Qa4+ 27. Kb1 Qb5+ 28. Ka1 Qc5 29. Kb1 Qb4+ 30. Ka1 Qc3+ 31. Kb1 Qd3+ 32. Ka1 Qc2 33. a3 g5 34. h3 h5 35. Rd1 g4 36. hxg4 hxg4 37. Rd8+ Kg7 38. Bd5 Qd1+ 39. Kb2 Qd4+ 40. Kb3 Qe3+ 41. Ka2 Qe2+ 42. Kb3 a5 43. Rd7 b5 44. c7 Qd2 45. a4 bxa4+ 46. Ka3 Qc3+ 47. Ka2 a3 48. Rxf7+ Kg6 49. Rf2 Qxc7 50. Bb3 Kg5 51. Rc2 Qd6 52. Rc4 Kh4 53. Rc2 Kg3 54. Ba4 Qd4 55. Bb5 Kh2 56. Bc4 Qe4 57. Kb3 a4+ 58. Kc3 Qe1+ 59. Kd3 Kg3 60. Re2 Qb1+ 61. Kc3 Kf4 62. Rf2+ Kg3 63. Re2 Qb6 64. Rd2 Qa5+ 65. Kd3 Qb4 66. Re2 Qc5 67. Kc3 Kf4 68. Kd3 Qf5+ 69. Kc3 Qa5+ 70. Kd3 Qd8+ 71. Kc3 Qd1 72. Rd2 Qe1 73. Kd3 Qb1+ 74. Kc3 Qa1+ 75. Kd3 Ke5 76. Ra2 Qd4+ 0-1

[Event "NED-chT 1314"]
[Site "Netherlands"]
[Date "2014.02.08"]
[Round "5.10"]
[White "Bosboom, Manuel"]
[Black "Roobol, Martin"]
[Result "1/2-1/2"]
[WhiteElo "2387"]
[BlackElo "2330"]
[PlyCount "107"]
[EventDate "2013.09.21"]
[EventType "team-tourn"]
[EventRounds "9"]
[EventCountry "NED"]
[SourceTitle "EXT 2015"]
[Source "ChessBase"]
[SourceDate "2014.11.20"]
[SourceVersion "1"]
[SourceVersionDate "2014.11.20"]
[SourceQuality "1"]
[WhiteTeam "En Passant"]
[BlackTeam "Leiden LSG"]
[WhiteTeamCountry "NED"]
[BlackTeamCountry "NED"]

1. Nf3 g6 2. e4 Bg7 3. d4 d6 4. Bc4 a6 5. 0-0 e6 6. a4 b6 7. Qe2 Ne7 8. Rd1 Bb7 9. Nbd2 Nd7 10. Nf1 h6 11. Ng3 0-0 12. Bb3 Qe8 13. h3 Kh7 14. c3 Ng8 15. Re1 Qe7 16. Bc2 Rae8 17. Bd3 Ra8 18. b4 Rfe8 19. h4 e5 20. h5 Nf8 21. hxg6+ fxg6 22. a5 b5 23. d5 c6 24. dxc6 Bxc6 25. c4 bxc4 26. Bxc4 Qb7 27. Ba3 Ne6 28. Rad1 Nd4 29. Qd3 Nf6 30. Nxd4 exd4 31. f3 d5 32. exd5 Nxd5 33. Nh5 Bh8 34. Rxe8 Rxe8 35. Bxa6 Qe7 36. b5 Qh4 37. bxc6 Qxh5 38. Bd6 Nc3 39. c7 Nxd1 40. c8Q Rxc8 41. Bxc8 Qxa5 42. Qxd1 Qd8 43. Bb7 Qxd6 44. Be4 Qg3 45. Kf1 h5 46. Qb3 Kh6 47. Qe6 Qg5 48. Qf7 Bf6 49. Qf8+ Bg7 50. Qf7 Qb5+ 51. Kg1 Qb6 52. Qf4+ Kh7 53. Qg5 Bh6 54. Qe7+ 1/2-1/2

[Event "NED-chT 1011"]
[Site "Netherlands"]
[Date "2011.01.08"]
[Round "5.10"]
[White "Roobol, Martin"]
[Black "Lubbe, Nikolas"]
[Result "0-1"]
[WhiteElo "2339"]
[BlackElo "2396"]
[PlyCount "104"]
[EventDate "2010.09.25"]
[EventType "team"]
[EventRounds "9"]
[EventCountry "NED"]
[SourceTitle "EXT 2012"]
[Source "ChessBase"]
[SourceDate "2011.11.24"]
[SourceVersion "1"]
[SourceVersionDate "2011.11.24"]
[SourceQuality "1"]
[WhiteTeam "Leiden LSG"]
[BlackTeam "Enschede Braceland"]
[WhiteTeamCountry "NED"]
[BlackTeamCountry "NED"]

1. d4 Nf6 2. c4 c5 3. d5 e6 4. Nc3 exd5 5. cxd5 d6 6. Nf3 g6 7. h3 Bg7 8. e4 0-0 9. Be2 Re8 10. Nd2 a6 11. a4 Nbd7 12. 0-0 Rb8 13. Qc2 Qc7 14. Re1 h6 15. b3 g5 16. Bb2 Ne5 17. Bf1 Qe7 18. Nc4 Nxc4 19. bxc4 Nd7 20. Rab1 h5 21. Nd1 Bxb2 22. Nxb2 g4 23. hxg4 hxg4 24. Nd3 f6 25. Re3 Qh7 26. Qe2 Kf7 27. g3 Ne5 28. Nxe5+ Rxe5 29. Bg2 Bd7 30. a5 Rh5 31. f4 Rh8 32. Kf2 Rh2 33. Qf1 Bc8 34. Rb6 Rd8 35. Ke1 Kg8 36. Re2 Qd7 37. Ra2 Re8 38. Qg1 Rxe4+ 39. Kf1 Qe7 40. Rb1 Rxg2 41. Qxg2 Qh7 42. Rd1 Bf5 43. Re2 Rxc4 44. Rde1 Bg6 45. Kg1 Bf7 46. Rb2 Qd3 47. Rd2 Qc3 48. Kh2 f5 49. Re7 Qh8+ 50. Kg1 Rc1+ 51. Kf2 Qc3 52. Ree2 c4 0-1

[Event "NED-chT 1011"]
[Site "Netherlands"]
[Date "2010.12.11"]
[Round "4.8"]
[White "Verhoeven, Tom"]
[Black "Roobol, Martin"]
[Result "1-0"]
[WhiteElo "2174"]
[BlackElo "2345"]
[PlyCount "69"]
[EventDate "2010.09.25"]
[EventType "team"]
[EventRounds "9"]
[EventCountry "NED"]
[SourceTitle "EXT 2012"]
[Source "ChessBase"]
[SourceDate "2011.11.24"]
[SourceVersion "1"]
[SourceVersionDate "2011.11.24"]
[SourceQuality "1"]
[WhiteTeam "Calder HMC"]
[BlackTeam "Leiden LSG"]
[WhiteTeamCountry "NED"]
[BlackTeamCountry "NED"]

1. Nf3 g6 2. e4 Bg7 3. d4 d6 4. Be2 c5 5. d5 Nf6 6. Nc3 Bg4 7. h3 Bxf3 8. Bxf3 Nbd7 9. 0-0 0-0 10. Bf4 Ne8 11. Qd2 Nc7 12. Be2 Re8 13. Rad1 a6 14. a4 b6 15. Bh6 Bh8 16. f4 Rb8 17. Rb1 b5 18. axb5 Nxb5 19. Nxb5 axb5 20. h4 c4 21. Bf3 Qc7 22. h5 b4 23. hxg6 hxg6 24. f5 Ne5 25. Qf4 Bf6 26. g4 c3 27. g5 Bg7 28. Bxg7 Kxg7 29. f6+ Kg8 30. Qh4 exf6 31. gxf6 Qc5+ 32. Kg2 Qe3 33. bxc3 Nxf3 34. Rxf3 Qe2+ 35. Kg3 1-0

[Event "NED-chT 0910"]
[Site "Netherlands"]
[Date "2010.03.06"]
[Round "7.8"]
[White "Roobol, Martin"]
[Black "Van Kerkhof, David"]
[Result "1-0"]
[WhiteElo "2328"]
[BlackElo "2219"]
[PlyCount "45"]
[EventDate "2009.09.26"]
[EventType "team"]
[EventRounds "9"]
[EventCountry "NED"]
[SourceTitle "EXT 2011"]
[Source "ChessBase"]
[SourceDate "2010.11.26"]
[SourceVersion "1"]
[SourceVersionDate "2010.11.26"]
[SourceQuality "1"]
[WhiteTeam "Leiden LSG"]
[BlackTeam "Calder HMC"]
[WhiteTeamCountry "NED"]
[BlackTeamCountry "NED"]

1. d4 Nf6 2. c4 g6 3. Nc3 d5 4. cxd5 Nxd5 5. e4 Nxc3 6. bxc3 c5 7. Nf3 Bg7 8. Rb1 0-0 9. Be2 Nd7 10. 0-0 Nf6 11. Bd3 e5 12. Nxe5 cxd4 13. Ba3 Re8 14. Nxf7 Kxf7 15. Bc4+ Be6 16. Rxb7+ Nd7 17. Qa4 Re7 18. Bxe6+ Kxe6 19. Qc4+ Kf6 20. Qxd4+ Ke6 21. Qd5+ Kf6 22. Bxe7+ Kxe7 23. Rd1 1-0

[Event "NED-chT 0910"]
[Site "Netherlands"]
[Date "2010.01.09"]
[Round "5.10"]
[White "Roobol, Martin"]
[Black "Goossens, Etienne"]
[Result "1-0"]
[WhiteElo "2328"]
[BlackElo "2230"]
[PlyCount "93"]
[EventDate "2009.09.26"]
[EventType "team"]
[EventRounds "9"]
[EventCountry "NED"]
[SourceTitle "EXT 2011"]
[Source "ChessBase"]
[SourceDate "2010.11.26"]
[SourceVersion "1"]
[SourceVersionDate "2010.11.26"]
[SourceQuality "1"]
[WhiteTeam "Leiden LSG"]
[BlackTeam "Rotterdam Schrijvers"]
[WhiteTeamCountry "NED"]
[BlackTeamCountry "NED"]

1. d4 e6 2. Nf3 c5 3. g3 b5 4. Bg2 Bb7 5. dxc5 Bxc5 6. 0-0 Nf6 7. a4 b4 8. Nbd2 0-0 9. Nb3 Be7 10. a5 Na6 11. Bf4 Rc8 12. Be3 Be4 13. Ne1 Bxg2 14. Kxg2 Qc7 15. Qd3 Qb7+ 16. Kg1 Ng4 17. Bd4 f5 18. f3 Nf6 19. Qd2 d6 20. Bf2 e5 21. Ng2 g6 22. Rfd1 Rfd8 23. Ne1 Rd7 24. Rac1 Qb5 25. Qd3 Qxd3 26. cxd3 Nc5 27. d4 exd4 28. Nxd4 a6 29. Nd3 Rdc7 30. Nxb4 Kf7 31. Rc2 Ke8 32. Rdc1 Rb8 33. Nbc6 Rbc8 34. b4 Nb7 35. Ne6 Rd7 36. Ncd4 Rxc2 37. Rxc2 Nd5 38. Rc8+ Kf7 39. b5 axb5 40. a6 Nc5 41. Nxc5 dxc5 42. Nc6 Rc7 43. Nxe7 Kxe7 44. Rb8 c4 45. a7 Rxa7 46. Bxa7 c3 47. Rxb5 1-0